000 00616nam a22001935i 4500
001 157322
003 ES-MaACL
005 20240305181005.0
008 991111s1895 fr |||| | fre d
040 _aM-RAJU
_bspa
_cM-RAJU
_dCCPB | B
100 1 _aLavisse, Ernest.
_970728
245 1 0 _aA propos de nos écoles /
_cpar Ernest Lavisse.
260 _aParis :
_bArmand Colin et C\pie\s, éditeurs,
_c1895.
300 _aVII, 250 p. ;
_c18 cm.
650 0 _aEnseñanza pública-
_zFrancia
_9234117
752 _aFrancia -
_dParís
852 _aES-MaACL
_jF-5834
_z-- Rúst.
999 _c157322
_d157322